00398 a2200109 4500001001000000005001700010008004100027245011200068100001900180700002200199773006700221ART_1205820260410161902.0260409a 10aThe effects of various treatments of truncation remainders on tests of hypotheses in distributed lag models1 aSchmidt, Peter1 aGuilkey, David K.0 tJournal of econometricsg- Vol. 4, NÂș 3 (ago. 1976)wREV11720